Making sense of the ECG : (Record no. 338)

000 -LEADER
fixed length control field 02658nam a22003857a 4500
001 - CONTROL NUMBER
control field 17031584
003 - CONTROL NUMBER IDENTIFIER
control field LIBRIS
005 - DATE AND TIME OF LATEST TRANSACTION
control field 20241110185008.0
006 - FIXED-LENGTH DATA ELEMENTS--ADDITIONAL MATERIAL CHARACTERISTICS
fixed length control field m|||||o||d||||||||
007 - PHYSICAL DESCRIPTION FIXED FIELD--GENERAL INFORMATION
fixed length control field cr
008 - FIXED-LENGTH DATA ELEMENTS--GENERAL INFORMATION
fixed length control field 141014t2020 xxua obf 001 0 eng c
020 ## - INTERNATIONAL STANDARD BOOK NUMBER
International Standard Book Number 9780367188955
040 ## - CATALOGING SOURCE
Original cataloging agency FlBoTFG
Language of cataloging eng
Transcribing agency FlBoTFG
Description conventions rda
Modifying agency Ldig
041 ## - LANGUAGE CODE
Language code of text/sound track or separate title eng
080 ## - UNIVERSAL DECIMAL CLASSIFICATION NUMBER
Universal Decimal Classification number 616.12
Item number H-83
100 1# - MAIN ENTRY--PERSONAL NAME
Personal name Houghton, Andrew R.,
Relator term author.
245 10 - TITLE STATEMENT
Title Making sense of the ECG :
Remainder of title a hands-on guide /
250 ## - EDITION STATEMENT
Edition statement Fifth edition.
260 ## - PUBLICATION, DISTRIBUTION, ETC.
Place of publication, distribution, etc. Boca Raton :
Name of publisher, distributor, etc. Taylor & Francis,
Date of publication, distribution, etc. 2020
264 #4 - PRODUCTION, PUBLICATION, DISTRIBUTION, MANUFACTURE, AND COPYRIGHT NOTICE
Date of production, publication, distribution, manufacture, or copyright notice 2020
300 ## - PHYSICAL DESCRIPTION
Extent 244 p.
336 ## - CONTENT TYPE
Content type term text
Source rdacontent
490 1# - SERIES STATEMENT
Series statement Making sense of
504 ## - BIBLIOGRAPHY, ETC. NOTE
Bibliography, etc. note Includes bibliographical references and index.
505 0# - FORMATTED CONTENTS NOTE
Formatted contents note 1. Anatomy and physiology -- 2. PQRST : where the waves come from -- 3. Performing an ECG recording -- 4. Reporting an ECG recording -- 5. Heart rate -- 6. An approach to heart rhythms -- 7. Supraventricular rhythms -- 8. Ventricular rhythms -- 9. Conduction problems -- 10. The axis -- 11. The P wave -- 12. The PR interval -- 13. The Q wave -- 14. The QRS complex -- 15. The ST segment -- 16. The T wave -- 17. The QT interval -- 18. The U wave -- 19. Artefacts on the ECG -- 20. Pacemakers and implantable cardioverter defibrillators -- 21. Ambulatory ECG recording -- 22. Exercise ECG testing.
520 ## - SUMMARY, ETC.
Summary, etc. "Interpreting an ECG correctly and working out what to do next can seem like a daunting task to the non-specialist, yet it is a skill that will be invaluable to any doctor, nurse, or paramedic when evaluating the condition of a patient. Making Sense of the has been written specifically with this in mind, and will help the student and more experienced healthcare practitioner to identify and answer crucial questions, including: Are these abnormalities significant? How to I distinguish between VT and Has the patient had a myocardial infarction? How do I measure the QT interval? Should I refer this patient to a cardiologist? This practical, easy-to-read and easy-to-remember guide to the ECG as a tool for diagnosis and management has been fully updated in its fourth edition to reflect the latest guidelines"--Provided by publisher.
530 ## - ADDITIONAL PHYSICAL FORM AVAILABLE NOTE
Additional physical form available note Also available in print format.
650 #0 - SUBJECT ADDED ENTRY--TOPICAL TERM
Topical term or geographic name entry element Electrocardiography
Form subdivision Handbooks, manuals, etc.
650 #0 - SUBJECT ADDED ENTRY--TOPICAL TERM
Topical term or geographic name entry element Heart
General subdivision Diseases
-- Diagnosis
Form subdivision Handbooks, manuals, etc.
653 ## - INDEX TERM--UNCONTROLLED
Uncontrolled term კარდიოლოგია
653 ## - INDEX TERM--UNCONTROLLED
Uncontrolled term ელექტრო კარდიოგრაფია
776 08 - ADDITIONAL PHYSICAL FORM ENTRY
Relationship information Print :
Title Making sense of the ECG :
International Standard Book Number 9781444181821 (pbk. : alk. paper)
830 #0 - SERIES ADDED ENTRY--UNIFORM TITLE
Uniform title Making sense (Boca Raton, Fla.)
942 ## - ADDED ENTRY ELEMENTS (KOHA)
Source of classification or shelving scheme
Koha item type Books
Edition 5
Holdings
Withdrawn status Lost status Source of classification or shelving scheme Damaged status Not for loan Permanent location Current location Date acquired Inventory number Total Checkouts Full call number Barcode Date last seen Price effective from Koha item type
          Ken Walker International University Ken Walker International University 11/21/2020 1179   616.12 H-83 1179 11/21/2020 11/21/2020 Books
          Ken Walker International University Ken Walker International University 11/21/2020 1178   616.12 H-83 1178 11/21/2020 11/21/2020 Books

Powered by Koha